International Environmental Assistance to Central and Eastern Europe: Trends and Characteristics (Record no. 3252)

MARC details
000 -LEADER
fixed length control field 00622nam a22002057i 4500
001 - CONTROL NUMBER
control field 3300
003 - CONTROL NUMBER IDENTIFIER
control field OSt
005 - DATE AND TIME OF LATEST TRANSACTION
control field 20170126082317.0
007 - PHYSICAL DESCRIPTION FIXED FIELD--GENERAL INFORMATION
fixed length control field tu
008 - FIXED-LENGTH DATA ELEMENTS--GENERAL INFORMATION
fixed length control field 161220s1996 xxu||||| |||| 00| 0 d
024 7# - OTHER STANDARD IDENTIFIER
Standard number or code 3299
Source of number or code RID
040 ## - CATALOGING SOURCE
Transcribing agency OSt
084 ## - OTHER CLASSIFICATION NUMBER
Classification number 21.02
Number source z
100 1# - MAIN ENTRY--PERSONAL NAME
Personal name Kolk, Ans
245 00 - TITLE STATEMENT
Title International Environmental Assistance to Central and Eastern Europe: Trends and Characteristics
260 ## - PUBLICATION, DISTRIBUTION, ETC.
Place of publication, distribution, etc. Amsterdam :
Name of publisher, distributor, etc. Department of International Relations.. (University of Amsterdam),
Date of publication, distribution, etc. 1996.
300 ## - PHYSICAL DESCRIPTION
Extent 21 S. ;
Dimensions 30cm.
490 ## - SERIES STATEMENT
Series statement Amsterdam International Studies. Working Paper
Volume/sequential designation 45
700 1# - ADDED ENTRY--PERSONAL NAME
Personal name Van, der Weij Ewout
942 ## - ADDED ENTRY ELEMENTS (KOHA)
Koha item type Book
Holdings
Withdrawn status Lost status Damaged status Not for loan Home library Current library Shelving location Date acquired Inventory number Total Checkouts Full call number Barcode Date last seen Price effective from Koha item type
        WIIW WIIW Library 10/11/1996 3300   II-6.101 303298 01/26/2017 01/26/2017 Book
The Vienna Instiute for International Economic Studies (wiiw)